Statistiques concernant Les Marcel célèbres

Cliquez ici pour prendre le quiz!

Statistiques générales

  • Ce quiz a été pris 193 fois
  • Le résultat moyen est 7 sur 18

Statistiques - réponses

Indice 1Indice 2Nom% Correct
écrivain (1895-1974)la gloire de mon pèrePagnol
93%
écrivain (1871-1922)à la recherche du temps perduProust
82%
boxeur (1916-1949)Edith PiafCerdan
79%
artiste et mime (1923-2007)de son vrai nom Marcel MangelMarceau
63%
chanteur (1929)bleu blanc blondAmont
56%
cinéaste (1906-1996)les enfants du paradisCarné
47%
écrivain (1902-1967)les contes du chat perchéAyme
46%
footballeur (1968) né au GhanaNantes-OM-Milan-ChelseaDesailly
46%
industriel (1892-1986)fondateur et PDG du Groupe qui porte son nomDassault
41%
animateur canadien (1939-2009)surprise sur priseBéliveau
35%
musicien (1923)tu veux ou tu veux pasZanini
30%
général (1916-2010)Algérie - IndochineBigeard
17%
musicien (1927)accordéonisteAzzola
16%
dessinateur (1934-2016)auteur de BDGotlib
16%
chanteur (1922-1994)un jour, tu verrasMouloudji
15%
chanteur d'opérette (1920-2007)associé à Paulette MervalMerkes
13%
acteur (1929-1988)l'Américain - le 2° souffleBozzuffi
6%
animateur radio (1919-1998)quitte ou doubleFort
2%

Distribution des résultats

Percentile par nombre de réponses

% des personnes avec chaque résultat

Votre développement - résultats

Vous n’avez pas pris ce quiz